000 00523nam a2200157Ia 4500
008 210716s2013 xx 000 0 und d
020 _a9780749467593
041 _aeng
082 _a658.312408 GORR
100 _aGorell, Ro.
245 _aGroup coaching: a practical guide to optimizing collective talent in any organization.
_bA practical guide to optimizing collective talent in any organization.
250 _a1
260 _aNew Delhi
_bKogan Page
_c2013
300 _axvi,209
650 _aHuman Resource Management
999 _c208340
_d208340